Statistics for Top 50 Colleges in the United States

Click here to take the quiz!

General Stats

  • This quiz has been taken 237 times
  • The average score is 27 of 50

Answer Stats

RankingState or DistrictAnswer% Correct
2MassachusettsHarvard University
98%
4ConnecticutYale University
95%
9PennsylvaniaUniversity of Pennsylvania
91%
3CaliforniaStanford University
90%
8Rhode IslandsBrown University
89%
1MassachusettsMassachusetts Institute of Technology
89%
5New JerseyPrinceton University
88%
49CaliforniaUniversity of California, Berkeley
88%
23CaliforniaUniversity of California, Los Angeles
85%
6North CarolinaDuke University
84%
11New YorkColumbia University
83%
10New HampshireDartmouth College
77%
25MichiganUniversity of Michigan
77%
42New YorkNew York University
76%
15IllinoisUniversity of Chicago
76%
47North CarolinaUniversity of North Carolina, Chapel Hill
76%
17New YorkCornell University
74%
29VirginiaUniversity of Virginia
72%
13TennesseeVanderbilt University
72%
14IllinoisNorthwestern University
70%
7TexasRice University
70%
16CaliforniaUniversity of Southern California
70%
24Washington D.C.Georgetown University
67%
19IndianaNotre Dame University
67%
12MissouriWashington University in St. Louis
67%
30GeorgiaGeorgia Institute of Technology
62%
48FloridaUniversity of Florida
59%
46MassachusettsBoston College
58%
22MarylandJohns Hopkins University
57%
20CaliforniaCalifornia Institute of Technology
56%
45North CarolinaWake Forest University
39%
21PennsylvaniaCarnegie Mellon University
38%
35GeorgiaEmory University
38%
26MassachusettsTufts University
37%
27MaineBowdoin College
31%
18CaliforniaPomona College
29%
44MassachusettsWilliams College
23%
33CaliforniaHarvey Mudd College
21%
32VermontMiddlebury College
20%
36PennsylvaniaSwarthmore College
19%
43New YorkColgate University
16%
50North CarolinaDavidson College
16%
41MinnesotaCarleton College
15%
31CaliforniaClaremont McKenna College
15%
34PennsylvaniaHaverford College
14%
28VirginiaWashington & Lee University
12%
38New YorkBarnard College
11%
40New YorkHamilton College
10%
37New YorkUnited States Military Academy at West Point
10%
39MassachusettsWellesley College
4%

Score Distribution

Percentile by Number Answered

Percent of People with Each Score

Your Score History

You have not taken this quiz